Sports Quiz

Random Sports or Football Quiz

NFL Rushing 10,000 Yards, 80 TDs Quiz Stats

Quiz Updated Mar 2, 2018

Challenge
Share
Tweet
Embed
Score 0/17 Timer 05:00
5 Plays Today
Yards/TDs Running Back % Correct
18,355/164*Emmitt Smith
97.7%
15,269/99*Barry Sanders
96.6%
16,726/110*Walter Payton
94.5%
13,684/145*LaDainian Tomlinson
92.1%
12,276/99+Adrian Peterson
91.5%
12,312/106*Jim Brown
90.8%
12,279/100*Marshall Faulk
87.1%
13,662/91*Jerome Bettis
86.7%
14,101/90*Curtis Martin
81.1%
Yards/TDs Running Back % Correct
10,003/81+Marshawn Lynch
78.2%
13,259/90*Eric Dickerson
77.2%
12,246/80Edgerrin James
76.3%
12,243/123*Marcus Allen
71.9%
11,241/82Corey Dillon
63.5%
12,120/91*Franco Harris
60.6%
11,352/104*John Riggins
54.2%
10,273/81Ottis Anderson
37%

You're not logged in!

Compare scores with friends on all Sporcle quizzes.
Join for Free
OR
Log In

You Might Also Like...

Show Comments

Extras

Top Quizzes Today


Score Distribution

Your Account Isn't Verified!

In order to create a playlist on Sporcle, you need to verify the email address you used during registration. Go to your Sporcle Settings to finish the process.

Report this User

Report this user for behavior that violates our Community Guidelines.

Details: